[Event "DVM U14 2016"]
[Site "Düsseldorf GER"]
[Date "2016.12.27"]
[Round "2"]
[White "Engel, Luis"]
[Black "Garbuz, Vitaliy"]
[Result "1-0"]
[Termination "normal"]
[Board "1.1"]
[WhiteElo "2371"]
[BlackElo "1865"]
[WhiteClock "00:11:18"]
[BlackClock "00:00:52"]
[WhiteTeam "Hamburger SK"]
[BlackTeam "SF Brackel"]
[PlyCount "75"]
[WhiteFideId "12961523"]
[BlackFideId "12990710"]
[EventCountry "GER"]
[EventRounds "7"]
[EventType "team-swiss"]
[EventDate "2016.12.26"]

1. c4 {[%clk 1:30:57]} e5 {[%clk 1:30:54]} 2. g3 {[%clk 1:31:20]} Nc6 {[%clk
1:30:47]} 3. Bg2 {[%clk 1:31:42]} g6 {[%clk 1:30:47]} 4. Nc3 {[%clk 1:32:04]}
Bg7 {[%clk 1:30:16]} 5. e3 {[%clk 1:32:11]} d6 {[%clk 1:30:21]} 6. Nge2 {[%clk
1:32:19]} Nge7 {[%clk 1:29:36]} 7. O-O {[%clk 1:31:13]} O-O {[%clk 1:29:35]} 8.
Rb1 {[%clk 1:29:35]} a5 {[%clk 1:26:36]} 9. a3 {[%clk 1:29:47]} Be6 {[%clk
1:23:43]} 10. Nd5 {[%clk 1:29:09]} Qd7 {[%clk 1:16:24]} 11. d3 {[%clk 1:25:43]}
Nd8 {[%clk 1:03:01]} 12. Qc2 {[%clk 1:21:46]} Nc8 {[%clk 0:55:56]} 13. b4
{[%clk 1:14:25]} c6 {[%clk 0:52:49]} 14. Ndc3 {[%clk 1:14:43]} axb4 {[%clk
0:52:15]} 15. axb4 {[%clk 1:15:01]} Ne7 {[%clk 0:32:05]} 16. Rd1 {[%clk
1:04:47]} f5 {[%clk 0:28:04]} 17. Bb2 {[%clk 1:02:34]} g5 {[%clk 0:18:23]} 18.
f4 {[%clk 1:00:22]} g4 {[%clk 0:16:51]} 19. Ra1 {[%clk 0:57:34]} Nf7 {[%clk
0:12:12]} 20. Nc1 {[%clk 0:43:58]} Qc7 {[%clk 0:10:46]} 21. Qd2 {[%clk
0:39:07]} d5 {[%clk 0:09:13]} 22. Nb3 {[%clk 0:34:39]} b6 {[%clk 0:06:33]} 23.
fxe5 {[%clk 0:25:42]} dxc4 {[%clk 0:05:12]} 24. Nd4 {[%clk 0:25:52]} Qxe5
{[%clk 0:02:12]} 25. Na4 {[%clk 0:20:41]} Qd6 {[%clk 0:01:35]} 26. Nxe6 {[%clk
0:16:49]} Qxe6 {[%clk 0:01:44]} 27. Bxg7 {[%clk 0:16:29]} Kxg7 {[%clk 0:02:07]}
28. Qc3+ {[%clk 0:16:20]} Qe5 {[%clk 0:01:36]} 29. d4 {[%clk 0:12:51]} Qf6
{[%clk 0:01:18]} 30. Nxb6 {[%clk 0:12:53]} Rad8 {[%clk 0:00:48]} 31. Ra7 {[%clk
0:10:49]} Nd5 {[%clk 0:00:39]} 32. Bxd5 {[%clk 0:10:55]} cxd5 {[%clk 0:01:07]}
33. Nd7 {[%clk 0:11:14]} Qe7 {[%clk 0:00:45]} 34. Nxf8 {[%clk 0:11:37]} Qxa7
{[%clk 0:01:09]} 35. Ne6+ {[%clk 0:12:01]} Kg8 {[%clk 0:00:42]} 36. Nxd8 {[%clk
0:12:23]} Nxd8 {[%clk 0:01:01]} 37. Rf1 {[%clk 0:11:44]} Qf7 {[%clk 0:00:52]}
38. Qc2 {[%clk 0:11:18]} 1-0

[Event "DVM U14 2016"]
[Site "Düsseldorf GER"]
[Date "2016.12.27"]
[Round "2"]
[White "Kartsev, Nikolaj"]
[Black "Holinka, Henning"]
[Result "1-0"]
[Termination "normal"]
[Board "1.2"]
[WhiteElo "1739"]
[BlackElo "2034"]
[WhiteClock "01:01:45"]
[BlackClock "00:31:35"]
[WhiteTeam "SF Brackel"]
[BlackTeam "Hamburger SK"]
[PlyCount "61"]
[WhiteFideId "12939536"]
[BlackFideId "12967084"]
[EventCountry "GER"]
[EventRounds "7"]
[EventType "team-swiss"]
[EventDate "2016.12.26"]

1. e4 {[%clk 1:30:53]} g6 {[%clk 1:30:54]} 2. d4 {[%clk 1:30:52]} Bg7 {[%clk
1:31:12]} 3. Nc3 {[%clk 1:31:15]} a6 {[%clk 1:31:37]} 4. a4 {[%clk 1:31:05]} d6
{[%clk 1:31:51]} 5. h4 {[%clk 1:31:08]} h5 {[%clk 1:31:01]} 6. Bc4 {[%clk
1:31:04]} Nc6 {[%clk 1:28:24]} 7. Be3 {[%clk 1:29:05]} Nh6 {[%clk 1:21:04]} 8.
Nh3 {[%clk 1:26:15]} e5 {[%clk 1:20:17]} 9. d5 {[%clk 1:25:00]} Nd4 {[%clk
1:18:23]} 10. Ng5 {[%clk 1:22:39]} c5 {[%clk 1:10:32]} 11. Nb1 {[%clk 1:21:17]}
f6 {[%clk 1:02:49]} 12. Nh3 {[%clk 1:21:24]} Bxh3 {[%clk 0:58:39]} 13. Rxh3
{[%clk 1:17:38]} b5 {[%clk 0:56:10]} 14. axb5 {[%clk 1:13:30]} Nxb5 {[%clk
0:55:25]} 15. Rxa6 {[%clk 1:12:41]} Rxa6 {[%clk 0:55:22]} 16. Bxb5+ {[%clk
1:13:00]} Ke7 {[%clk 0:55:40]} 17. Bxa6 {[%clk 1:13:22]} Qa5+ {[%clk 0:56:04]}
18. Bd2 {[%clk 1:10:56]} Qxa6 {[%clk 0:56:04]} 19. Ra3 {[%clk 1:10:04]} Qb7
{[%clk 0:53:04]} 20. Nc3 {[%clk 1:08:08]} Ra8 {[%clk 0:47:48]} 21. Qa1 {[%clk
1:06:35]} Rxa3 {[%clk 0:47:34]} 22. bxa3 {[%clk 1:06:47]} Nf7 {[%clk 0:42:39]}
23. a4 {[%clk 1:06:29]} Kd7 {[%clk 0:40:50]} 24. a5 {[%clk 1:05:47]} Nd8 {[%clk
0:34:14]} 25. a6 {[%clk 1:02:57]} Qa8 {[%clk 0:33:46]} 26. Qa4+ {[%clk
1:02:12]} Ke7 {[%clk 0:33:08]} 27. Nb5 {[%clk 1:02:12]} Kd7 {[%clk 0:32:44]}
28. Qa5 {[%clk 1:01:42]} Bf8 {[%clk 0:32:18]} 29. a7 {[%clk 1:01:00]} Nb7
{[%clk 0:31:11]} 30. Qc7+ {[%clk 1:01:19]} Ke8 {[%clk 0:31:35]} 31. Qb8+ {[%clk
1:01:45]} 1-0

[Event "DVM U14 2016"]
[Site "Düsseldorf GER"]
[Date "2016.12.27"]
[Round "2"]
[White "Engel, Robert"]
[Black "Kracht, Raphael"]
[Result "1/2-1/2"]
[Termination "normal"]
[Board "1.3"]
[WhiteElo "1812"]
[BlackElo "1639"]
[WhiteClock "00:40:07"]
[BlackClock "00:28:23"]
[WhiteTeam "Hamburger SK"]
[BlackTeam "SF Brackel"]
[PlyCount "85"]
[WhiteFideId "12974684"]
[BlackFideId "16214382"]
[EventCountry "GER"]
[EventRounds "7"]
[EventType "team-swiss"]
[EventDate "2016.12.26"]

1. c4 {[%clk 1:30:58]} c5 {[%clk 1:30:46]} 2. Nc3 {[%clk 1:31:23]} Nf6 {[%clk
1:31:13]} 3. g3 {[%clk 1:31:42]} d5 {[%clk 1:31:34]} 4. cxd5 {[%clk 1:31:43]}
Nxd5 {[%clk 1:31:59]} 5. Bg2 {[%clk 1:32:03]} Nc7 {[%clk 1:32:22]} 6. Nf3
{[%clk 1:32:15]} Nc6 7. O-O {[%clk 1:32:23]} e5 {[%clk 1:32:39]} 8. d3 {[%clk
1:31:36]} Be7 {[%clk 1:32:40]} 9. a3 {[%clk 1:30:50]} Ne6 {[%clk 1:25:32]} 10.
Rb1 {[%clk 1:27:48]} O-O {[%clk 1:15:14]} 11. Bd2 {[%clk 1:26:44]} f6 {[%clk
1:14:36]} 12. Qb3 {[%clk 1:23:26]} Kh8 {[%clk 1:13:05]} 13. Rfc1 {[%clk
1:22:01]} Ned4 {[%clk 1:07:44]} 14. Qd1 {[%clk 1:19:03]} Rb8 {[%clk 0:54:10]}
15. Na4 {[%clk 1:11:27]} b6 {[%clk 0:45:40]} 16. b4 {[%clk 1:08:54]} cxb4
{[%clk 0:42:59]} 17. axb4 {[%clk 1:09:10]} Bb7 {[%clk 0:41:12]} 18. b5 {[%clk
1:07:07]} Nxf3+ {[%clk 0:40:25]} 19. Bxf3 {[%clk 1:07:05]} Nd4 {[%clk 0:40:45]}
20. Bxb7 {[%clk 1:06:46]} Rxb7 {[%clk 0:41:06]} 21. Be3 {[%clk 1:05:39]} Qd7
{[%clk 0:22:53]} 22. Bxd4 {[%clk 1:01:53]} exd4 {[%clk 0:20:48]} 23. Rc4 {[%clk
1:00:51]} Rc8 {[%clk 0:19:53]} 24. Rbc1 {[%clk 0:59:22]} Rbc7 {[%clk 0:19:37]}
25. Qb3 {[%clk 0:58:46]} Rxc4 {[%clk 0:14:16]} 26. Rxc4 {[%clk 0:58:22]} Bc5
{[%clk 0:13:46]} 27. Nb2 {[%clk 0:54:37]} g6 {[%clk 0:12:28]} 28. Rc2 {[%clk
0:52:41]} Kg7 {[%clk 0:08:57]} 29. Nc4 {[%clk 0:50:55]} Qe7 {[%clk 0:07:20]}
30. Ra2 {[%clk 0:49:15]} Rc7 {[%clk 0:06:57]} 31. Qb2 {[%clk 0:47:53]} Qd7
{[%clk 0:06:41]} 32. Qb1 {[%clk 0:47:05]} Qe7 {[%clk 0:06:43]} 33. Qf1 {[%clk
0:47:03]} Qd7 {[%clk 0:04:53]} 34. Rb2 {[%clk 0:47:01]} Qd5 {[%clk 0:03:23]}
35. Qg2 {[%clk 0:46:45]} Qxg2+ {[%clk 0:03:03]} 36. Kxg2 {[%clk 0:47:14]} Kf7
{[%clk 0:02:37]} 37. Nd2 {[%clk 0:46:10]} Ke6 38. Rc2 {[%clk 0:43:10]} Bd6
{[%clk 0:00:49]} 39. Rxc7 {[%clk 0:42:02]} Bxc7 {[%clk 0:01:13]} 40. Nb3 {[%clk
0:42:07]} Kd5 {[%clk 0:00:52]} 41. Kf3 {[%clk 0:42:14]} f5 {[%clk 0:00:31]} 42.
e3 {[%clk 0:40:07]} Be5 {[%clk 0:28:23]} 43. Ke4+ 1/2-1/2

[Event "DVM U14 2016"]
[Site "Düsseldorf GER"]
[Date "2016.12.27"]
[Round "2"]
[White "Seref, Erdogan"]
[Black "Foo, Tzun Hong"]
[Result "1-0"]
[Termination "normal"]
[Board "1.4"]
[WhiteElo "1724"]
[BlackElo "1788"]
[WhiteClock "00:01:17"]
[BlackClock "00:01:44"]
[WhiteTeam "SF Brackel"]
[BlackTeam "Hamburger SK"]
[PlyCount "75"]
[WhiteFideId "16206827"]
[BlackFideId "12974200"]
[EventCountry "GER"]
[EventRounds "7"]
[EventType "team-swiss"]
[EventDate "2016.12.26"]

1. e4 {[%clk 1:30:54]} c5 {[%clk 1:30:54]} 2. Nf3 {[%clk 1:31:19]} d6 {[%clk
1:31:13]} 3. c3 {[%clk 1:31:30]} Nf6 {[%clk 1:31:01]} 4. Be2 {[%clk 1:31:51]}
Nc6 {[%clk 1:28:31]} 5. d4 {[%clk 1:32:03]} cxd4 {[%clk 1:28:13]} 6. cxd4
{[%clk 1:32:25]} Nxe4 {[%clk 1:23:59]} 7. d5 {[%clk 1:32:48]} Qa5+ {[%clk
1:24:18]} 8. Nc3 {[%clk 1:33:09]} Nxc3 {[%clk 1:14:42]} 9. bxc3 {[%clk
1:33:25]} Nb8 {[%clk 1:12:01]} 10. O-O {[%clk 1:33:38]} g6 {[%clk 1:11:28]} 11.
Qd4 {[%clk 1:23:37]} Rg8 {[%clk 1:05:56]} 12. Rb1 {[%clk 1:20:17]} a6 {[%clk
0:55:44]} 13. c4 {[%clk 1:08:56]} Bg7 {[%clk 0:54:33]} 14. Qd1 {[%clk 1:04:34]}
Nd7 {[%clk 0:52:40]} 15. Be3 {[%clk 1:00:10]} Nc5 {[%clk 0:44:49]} 16. Nd4
{[%clk 0:58:14]} Qc7 {[%clk 0:38:43]} 17. Re1 {[%clk 0:52:02]} Bd7 {[%clk
0:35:20]} 18. Bf3 {[%clk 0:41:21]} Rb8 {[%clk 0:30:56]} 19. Bg5 {[%clk
0:37:06]} f6 {[%clk 0:25:04]} 20. Qe2 {[%clk 0:35:35]} Qd8 {[%clk 0:22:06]} 21.
Bf4 {[%clk 0:33:41]} Kf8 {[%clk 0:17:28]} 22. h4 {[%clk 0:24:28]} Rh8 {[%clk
0:13:33]} 23. Bd2 {[%clk 0:20:25]} f5 {[%clk 0:07:02]} 24. Nb3 {[%clk 0:10:54]}
Kf7 {[%clk 0:05:22]} 25. Nxc5 {[%clk 0:09:49]} dxc5 {[%clk 0:05:31]} 26. Bf4
{[%clk 0:09:32]} Rc8 {[%clk 0:03:53]} 27. Rxb7 {[%clk 0:08:38]} Re8 {[%clk
0:04:01]} 28. Rb3 {[%clk 0:05:30]} Bd4 {[%clk 0:02:46]} 29. Rb7 {[%clk
0:05:17]} Bg7 {[%clk 0:02:12]} 30. g3 {[%clk 0:04:39]} Kg8 {[%clk 0:02:28]} 31.
Ra7 {[%clk 0:04:06]} a5 {[%clk 0:02:10]} 32. Ra6 {[%clk 0:03:12]} Kh8 {[%clk
0:01:51]} 33. h5 {[%clk 0:03:00]} Bf6 {[%clk 0:02:00]} 34. Be5 {[%clk 0:01:33]}
Rf8 {[%clk 0:02:23]} 35. Bxf6+ {[%clk 0:01:20]} exf6 {[%clk 0:02:35]} 36. Qe7
{[%clk 0:00:48]} a4 {[%clk 0:01:25]} 37. hxg6 {[%clk 0:00:58]} Qxe7 {[%clk
0:01:44]} 38. Rxe7 {[%clk 0:01:17]} 1-0

[Event "DVM U14 2016"]
[Site "Düsseldorf GER"]
[Date "2016.12.27"]
[Round "2"]
[White "von Estorff, Jacob"]
[Black "Suvorov, Alexander"]
[Result "0-1"]
[Termination "normal"]
[Board "2.1"]
[WhiteElo "1885"]
[BlackElo "2149"]
[WhiteClock "00:28:10"]
[BlackClock "00:30:57"]
[WhiteTeam "Post SV Uelzen"]
[BlackTeam "SG Porz"]
[PlyCount "88"]
[WhiteFideId "12974501"]
[BlackFideId "12977063"]
[EventCountry "GER"]
[EventRounds "7"]
[EventType "team-swiss"]
[EventDate "2016.12.26"]

1. e4 {[%clk 1:30:56]} c6 {[%clk 1:30:52]} 2. d4 {[%clk 1:31:19]} d5 {[%clk
1:31:18]} 3. e5 {[%clk 1:31:42]} Bf5 {[%clk 1:31:43]} 4. Nc3 {[%clk 1:31:50]}
e6 {[%clk 1:31:59]} 5. g4 {[%clk 1:31:48]} Bg6 {[%clk 1:32:24]} 6. Nge2 {[%clk
1:31:59]} c5 {[%clk 1:32:40]} 7. h4 {[%clk 1:31:41]} h5 {[%clk 1:32:32]} 8. Nf4
{[%clk 1:31:27]} Bh7 {[%clk 1:32:40]} 9. Nxh5 {[%clk 1:31:41]} Nc6 {[%clk
1:33:01]} 10. Be3 {[%clk 1:23:30]} Bxc2 {[%clk 1:29:32]} 11. Qxc2 {[%clk
1:22:08]} cxd4 {[%clk 1:29:54]} 12. Bxd4 {[%clk 1:14:55]} Nxd4 {[%clk 1:30:10]}
13. Qa4+ {[%clk 1:15:15]} Nc6 {[%clk 1:30:12]} 14. O-O-O {[%clk 1:12:11]} Qb6
{[%clk 1:16:11]} 15. Kb1 {[%clk 1:03:12]} Qxf2 {[%clk 1:06:37]} 16. Bb5 {[%clk
0:56:35]} Qb6 {[%clk 1:04:19]} 17. Rxd5 {[%clk 0:40:20]} Nge7 {[%clk 0:58:45]}
18. Rd2 {[%clk 0:38:15]} Ng6 {[%clk 0:55:41]} 19. Re1 {[%clk 0:30:27]} Nxh4
{[%clk 0:43:34]} 20. Qe4 {[%clk 0:25:38]} Ng6 {[%clk 0:39:34]} 21. Red1 {[%clk
0:22:08]} a6 {[%clk 0:32:16]} 22. Ba4 {[%clk 0:17:02]} Qc7 {[%clk 0:25:28]} 23.
Nf4 {[%clk 0:10:16]} Nxf4 {[%clk 0:23:08]} 24. Qxf4 {[%clk 0:10:31]} Be7 {[%clk
0:22:02]} 25. Ne4 {[%clk 0:09:29]} b5 {[%clk 0:15:53]} 26. Nd6+ {[%clk
0:08:59]} Bxd6 {[%clk 0:16:18]} 27. Rxd6 {[%clk 0:08:26]} bxa4 {[%clk 0:07:04]}
28. Qxa4 {[%clk 0:06:34]} O-O {[%clk 0:05:23]} 29. Rc1 {[%clk 0:05:22]} Qa5
{[%clk 0:05:00]} 30. Qxc6 {[%clk 0:05:36]} Qxe5 {[%clk 0:05:18]} 31. Rd3 {[%clk
0:05:23]} Rfc8 {[%clk 0:03:33]} 32. Qxc8+ {[%clk 0:05:46]} Rxc8 {[%clk
0:04:02]} 33. Rxc8+ {[%clk 0:06:05]} Kh7 {[%clk 0:04:31]} 34. Rcc3 {[%clk
0:05:10]} Qe4 {[%clk 0:04:25]} 35. a3 {[%clk 0:04:34]} g5 {[%clk 0:03:54]} 36.
b4 {[%clk 0:04:41]} Qxg4 {[%clk 0:03:59]} 37. Kc2 {[%clk 0:04:55]} Qe2+ {[%clk
0:04:07]} 38. Kb3 {[%clk 0:05:13]} g4 {[%clk 0:04:21]} 39. a4 {[%clk 0:05:31]}
f5 {[%clk 0:03:17]} 40. b5 {[%clk 0:03:50]} axb5 {[%clk 0:03:06]} 41. axb5
{[%clk 0:04:14]} Qe5 {[%clk 0:02:48]} 42. Ka4 {[%clk 0:01:14]} f4 {[%clk
0:02:10]} 43. b6 {[%clk 0:28:55]} f3 {[%clk 0:31:00]} 44. b7 {[%clk 0:28:10]}
Qe4+ {[%clk 0:30:57]} 0-1

[Event "DVM U14 2016"]
[Site "Düsseldorf GER"]
[Date "2016.12.27"]
[Round "2"]
[White "Suvorov, Luca"]
[Black "Askerov, Imamali"]
[Result "1-0"]
[Termination "normal"]
[Board "2.2"]
[WhiteElo "2039"]
[BlackElo "1777"]
[WhiteClock "00:17:07"]
[BlackClock "00:46:26"]
[WhiteTeam "SG Porz"]
[BlackTeam "Post SV Uelzen"]
[PlyCount "67"]
[WhiteFideId "12977071"]
[BlackFideId "12974498"]
[EventCountry "GER"]
[EventRounds "7"]
[EventType "team-swiss"]
[EventDate "2016.12.26"]

1. d4 {[%clk 1:30:57]} Nf6 {[%clk 1:30:42]} 2. c4 {[%clk 1:31:21]} e6 {[%clk
1:31:08]} 3. Nf3 {[%clk 1:31:47]} b6 {[%clk 1:31:24]} 4. g3 {[%clk 1:32:06]}
Bb7 {[%clk 1:31:37]} 5. Bg2 {[%clk 1:32:28]} Be7 {[%clk 1:31:19]} 6. O-O {[%clk
1:32:40]} O-O {[%clk 1:31:36]} 7. Nc3 {[%clk 1:33:02]} d5 {[%clk 1:31:23]} 8.
cxd5 {[%clk 1:33:23]} exd5 {[%clk 1:31:48]} 9. Bf4 {[%clk 1:33:41]} a6 {[%clk
1:31:48]} 10. Rc1 {[%clk 1:33:11]} Nbd7 {[%clk 1:31:12]} 11. Ne5 {[%clk
1:27:33]} Rc8 {[%clk 1:28:29]} 12. Qb3 {[%clk 1:23:15]} Nxe5 {[%clk 1:25:48]}
13. dxe5 {[%clk 1:22:15]} Ne4 {[%clk 1:24:45]} 14. Nxe4 {[%clk 1:21:49]} dxe4
{[%clk 1:25:02]} 15. Rfd1 {[%clk 1:15:10]} Qe8 {[%clk 1:22:11]} 16. Bh3 {[%clk
1:13:32]} Rb8 {[%clk 1:15:54]} 17. e6 {[%clk 1:05:11]} fxe6 {[%clk 1:12:52]}
18. Rxc7 {[%clk 1:00:18]} Bf6 {[%clk 0:56:16]} 19. Qxe6+ {[%clk 0:18:06]} Kh8
{[%clk 0:53:00]} 20. Qxe8 {[%clk 0:15:13]} Rfxe8 {[%clk 0:53:22]} 21. Rf7
{[%clk 0:15:11]} Rf8 {[%clk 0:49:30]} 22. Rxf6 {[%clk 0:14:39]} gxf6 {[%clk
0:49:21]} 23. Bxb8 {[%clk 0:15:03]} Rxb8 {[%clk 0:49:46]} 24. Rd6 {[%clk
0:15:11]} b5 {[%clk 0:48:14]} 25. Rb6 {[%clk 0:14:44]} Kg7 {[%clk 0:47:00]} 26.
Bf5 {[%clk 0:15:00]} Bc8 {[%clk 0:46:13]} 27. Rxb8 {[%clk 0:15:15]} Bxf5 {[%clk
0:46:35]} 28. Ra8 {[%clk 0:15:37]} Be6 {[%clk 0:45:48]} 29. Rxa6 {[%clk
0:15:49]} Bc4 {[%clk 0:46:08]} 30. e3 {[%clk 0:16:01]} Kg6 {[%clk 0:46:02]} 31.
b3 {[%clk 0:16:21]} Bd3 {[%clk 0:46:23]} 32. Rb6 {[%clk 0:16:28]} Kf5 {[%clk
0:46:24]} 33. a4 {[%clk 0:16:39]} bxa4 {[%clk 0:46:26]} 34. bxa4 {[%clk
0:17:07]} 1-0

[Event "DVM U14 2016"]
[Site "Düsseldorf GER"]
[Date "2016.12.27"]
[Round "2"]
[White "Knüdel, Torben"]
[Black "Zyla, Lennert"]
[Result "1-0"]
[Termination "normal"]
[Board "2.3"]
[WhiteElo "1773"]
[BlackElo "1813"]
[WhiteClock "00:01:24"]
[BlackClock "00:00:31"]
[WhiteTeam "Post SV Uelzen"]
[BlackTeam "SG Porz"]
[PlyCount "81"]
[WhiteFideId "16208820"]
[BlackFideId "12981567"]
[EventCountry "GER"]
[EventRounds "7"]
[EventType "team-swiss"]
[EventDate "2016.12.26"]

1. e4 {[%clk 1:30:57]} c5 {[%clk 1:30:55]} 2. Nf3 {[%clk 1:31:19]} e6 {[%clk
1:31:18]} 3. d4 {[%clk 1:31:37]} cxd4 {[%clk 1:31:40]} 4. Nxd4 {[%clk 1:32:00]}
Nc6 {[%clk 1:31:58]} 5. Nc3 {[%clk 1:32:12]} Qc7 {[%clk 1:32:13]} 6. Be3 {[%clk
1:31:51]} a6 {[%clk 1:32:35]} 7. Be2 {[%clk 1:31:00]} Nf6 {[%clk 1:32:47]} 8.
f4 {[%clk 1:26:56]} d6 {[%clk 1:28:59]} 9. Bf3 {[%clk 1:23:53]} Be7 {[%clk
1:27:07]} 10. O-O {[%clk 1:22:21]} O-O {[%clk 1:25:51]} 11. Qd2 {[%clk
1:17:21]} Rd8 {[%clk 1:21:34]} 12. Qf2 {[%clk 1:16:38]} Rb8 {[%clk 1:15:31]}
13. g4 {[%clk 1:05:19]} Na5 {[%clk 1:09:04]} 14. g5 {[%clk 1:02:01]} Nd7 {[%clk
1:02:55]} 15. Bg4 {[%clk 0:49:36]} Nf8 {[%clk 0:52:00]} 16. f5 {[%clk 0:47:49]}
e5 {[%clk 0:46:29]} 17. Nde2 {[%clk 0:35:25]} Nc4 {[%clk 0:35:22]} 18. Ba7
{[%clk 0:28:38]} b6 {[%clk 0:15:58]} 19. Bxb8 {[%clk 0:28:48]} Qxb8 {[%clk
0:16:26]} 20. b3 {[%clk 0:28:27]} Nd2 21. Rfd1 {[%clk 0:28:33]} Bxg5 {[%clk
0:16:35]} 22. Ng3 {[%clk 0:27:35]} Qc7 {[%clk 0:15:56]} 23. Nd5 {[%clk
0:25:21]} Qxc2 {[%clk 0:13:32]} 24. Rac1 {[%clk 0:12:56]} Qxa2 {[%clk 0:12:43]}
25. Nf1 {[%clk 0:12:43]} Nf3+ {[%clk 0:11:58]} 26. Bxf3 {[%clk 0:12:33]} Qxf2+
{[%clk 0:12:13]} 27. Kxf2 {[%clk 0:12:59]} Bxc1 {[%clk 0:12:36]} 28. Rxc1
{[%clk 0:13:26]} Bb7 {[%clk 0:12:42]} 29. Nfe3 {[%clk 0:13:35]} Nd7 {[%clk
0:11:49]} 30. Rc7 {[%clk 0:13:08]} Ba8 {[%clk 0:10:31]} 31. Ng4 {[%clk
0:11:26]} Bxd5 {[%clk 0:09:39]} 32. exd5 {[%clk 0:11:36]} Nc5 {[%clk 0:10:05]}
33. Rc6 {[%clk 0:10:48]} Nxb3 {[%clk 0:09:50]} 34. Rxb6 {[%clk 0:11:02]} Nc5
{[%clk 0:09:40]} 35. Ne3 {[%clk 0:10:33]} a5 {[%clk 0:08:47]} 36. Nc4 {[%clk
0:10:48]} a4 {[%clk 0:07:13]} 37. Rc6 {[%clk 0:06:43]} Kf8 {[%clk 0:04:36]} 38.
Nxd6 {[%clk 0:04:55]} Rxd6 {[%clk 0:01:50]} 39. Rxd6 {[%clk 0:03:49]} Ke7
{[%clk 0:00:38]} 40. Rb6 {[%clk 0:01:58]} a3 {[%clk 0:00:31]} 41. Rb1 {[%clk
0:01:24]} 1-0

[Event "DVM U14 2016"]
[Site "Düsseldorf GER"]
[Date "2016.12.27"]
[Round "2"]
[White "Sewald, Richard"]
[Black "Rothenberg, Nina"]
[Result "1-0"]
[Termination "normal"]
[Board "2.4"]
[WhiteElo "1710"]
[BlackElo "1400"]
[WhiteClock "00:34:12"]
[BlackClock "00:22:29"]
[WhiteTeam "SG Porz"]
[BlackTeam "Post SV Uelzen"]
[PlyCount "63"]
[WhiteFideId "12983586"]
[BlackFideId "16208943"]
[EventCountry "GER"]
[EventRounds "7"]
[EventType "team-swiss"]
[EventDate "2016.12.26"]

1. Nf3 {[%clk 1:30:58]} d5 {[%clk 1:30:54]} 2. d3 {[%clk 1:31:21]} Bg4 {[%clk
1:31:17]} 3. g3 {[%clk 1:31:33]} Bxf3 {[%clk 1:31:40]} 4. exf3 {[%clk 1:31:58]}
e6 {[%clk 1:31:17]} 5. Bg2 {[%clk 1:32:19]} Bd6 {[%clk 1:31:20]} 6. Nc3 {[%clk
1:31:59]} c6 {[%clk 1:30:41]} 7. Bd2 {[%clk 1:30:54]} Nf6 {[%clk 1:29:44]} 8.
Qe2 {[%clk 1:29:14]} Nbd7 {[%clk 1:27:43]} 9. f4 {[%clk 1:26:25]} O-O {[%clk
1:24:58]} 10. O-O {[%clk 1:25:28]} Qc7 {[%clk 1:23:20]} 11. Rfe1 {[%clk
1:19:14]} Rfe8 {[%clk 1:21:59]} 12. Qf1 {[%clk 1:15:32]} Rac8 {[%clk 1:17:20]}
13. a3 {[%clk 1:10:20]} Nc5 {[%clk 1:10:16]} 14. b4 {[%clk 1:02:09]} Ncd7
{[%clk 1:08:27]} 15. Rac1 {[%clk 1:00:19]} a6 {[%clk 1:07:12]} 16. Na4 {[%clk
0:56:37]} c5 {[%clk 1:04:34]} 17. c4 {[%clk 0:52:05]} b5 {[%clk 0:58:51]} 18.
cxb5 {[%clk 0:52:23]} axb5 {[%clk 0:57:29]} 19. Nxc5 {[%clk 0:51:55]} Qa7
{[%clk 0:55:24]} 20. d4 {[%clk 0:43:24]} Bxc5 {[%clk 0:46:55]} 21. bxc5 {[%clk
0:43:20]} Rb8 {[%clk 0:44:20]} 22. Bb4 {[%clk 0:41:56]} Qa6 {[%clk 0:40:51]}
23. Bf3 {[%clk 0:41:01]} Qc6 {[%clk 0:38:00]} 24. Be2 {[%clk 0:40:18]} Rb7
{[%clk 0:36:38]} 25. Rb1 {[%clk 0:38:53]} Reb8 {[%clk 0:35:15]} 26. Rb3 {[%clk
0:38:21]} Ne8 {[%clk 0:34:43]} 27. Reb1 {[%clk 0:38:26]} Qa6 {[%clk 0:32:57]}
28. a4 {[%clk 0:35:37]} Nc7 {[%clk 0:28:54]} 29. axb5 {[%clk 0:36:02]} Nxb5
{[%clk 0:26:51]} 30. Bd2 {[%clk 0:35:36]} Qc6 {[%clk 0:23:13]} 31. Bxb5 {[%clk
0:34:40]} Qc7 {[%clk 0:22:29]} 32. c6 {[%clk 0:34:12]} 1-0

[Event "DVM U14 2016"]
[Site "Düsseldorf GER"]
[Date "2016.12.27"]
[Round "2"]
[White "Wong, Gengchun"]
[Black "Lichtmannecker, Daniel"]
[Result "1-0"]
[Termination "normal"]
[Board "3.1"]
[WhiteElo "2076"]
[BlackElo "1684"]
[WhiteTeam "SV Dresden-Leuben"]
[BlackTeam "FC Ergolding"]
[PlyCount "111"]
[WhiteFideId "12963283"]
[BlackFideId "12979414"]
[EventCountry "GER"]
[EventRounds "7"]
[EventType "team-swiss"]
[EventDate "2016.12.26"]

1. e4 e6 2. d4 d5 3. Nd2 c5 4. exd5 exd5 5. Ngf3 Nf6 6. Bb5+ Nc6 7. O-O Be6 8.
Re1 h6 9. Qe2 Bd6 10. dxc5 Bxc5 11. Ne5 Qc8 12. Nb3 Be7 13. Nd4 O-O 14. Nexc6
bxc6 15. Nxc6 Bd6 16. Bf4 Qc7 17. Bxd6 Qxd6 18. Nd4 Bd7 19. Bd3 Rfe8 20. Qd2
Ng4 21. Nf3 Ne5 22. Nxe5 Rxe5 23. Rxe5 Qxe5 24. c3 Re8 25. Rd1 Ba4 26. Rc1 Bd7
27. h3 Ba4 28. Bf1 Re7 29. Qd4 Bc6 30. Qxe5 Rxe5 31. Rd1 Kf8 32. f4 Re4 33. g3
Re6 34. Kf2 Ke7 35. Bg2 Rd6 36. Bf3 g6 37. Ke3 Re6+ 38. Kd2 Kd6 39. Re1 Rxe1
40. Kxe1 d4 41. Bxc6 Kxc6 42. c4 Kc5 43. b3 a5 44. Kd2 f6 45. Kd3 g5 46. h4 g4
47. a3 h5 48. b4+ axb4 49. axb4+ Kxb4 50. Kxd4 Kb3 51. c5 Kc2 52. c6 Kd2 53. c7
Ke2 54. c8=Q Kf3 55. Qc3+ Kg2 56. Ke4 1-0

[Event "DVM U14 2016"]
[Site "Düsseldorf GER"]
[Date "2016.12.27"]
[Round "2"]
[White "Astner, Sebastian"]
[Black "Bui, Hai Lam"]
[Result "1-0"]
[Termination "normal"]
[Board "3.2"]
[WhiteElo "1804"]
[BlackElo "1922"]
[WhiteTeam "FC Ergolding"]
[BlackTeam "SV Dresden-Leuben"]
[PlyCount "123"]
[WhiteFideId "12979422"]
[BlackFideId "12975737"]
[EventCountry "GER"]
[EventRounds "7"]
[EventType "team-swiss"]
[EventDate "2016.12.26"]

1. e4 e6 2. d4 c5 3. Be3 cxd4 4. Bxd4 Nc6 5. Bc3 d6 6. Bb5 Bd7 7. Nd2 Nf6 8.
Ngf3 Be7 9. O-O a6 10. Bd3 O-O 11. Re1 b5 12. b3 Ng4 13. Nd4 Nge5 14. N2f3 Qc7
15. Bb2 Rfd8 16. Nxc6 Bxc6 17. Nxe5 dxe5 18. Qh5 Bf6 19. Re3 g6 20. Qh6 Bg7 21.
Qh4 h6 22. Rh3 Be8 23. Rf1 g5 24. Qg4 Qd6 25. Qe2 f6 26. c4 Bg6 27. Rc1 bxc4
28. Bxc4 Rac8 29. Rd3 Qc6 30. Rxd8+ Rxd8 31. Bxa6 Qxe4 32. Qxe4 Bxe4 33. Bc4
Kf7 34. a4 Rd2 35. Bc3 Ra2 36. a5 Bf8 37. b4 Ra4 38. f3 Bc6 39. Rb1 Ra3 40. Bb3
Bb5 41. Kf2 Ke7 42. Ke3 f5 43. Kd2 e4 44. fxe4 fxe4 45. Ke3 Bc4 46. Bxc4 Rxc3+
47. Kd4 Bg7+ 48. Kc5 e3 49. a6 Kd7 50. b5 Bf8+ 51. Kb6 Rxc4 52. a7 Bc5+ 53. Kb7
Bxa7 54. Kxa7 Ra4+ 55. Kb7 Rd4 56. Re1 Rd5 57. b6 Re5 58. Ka6 Kc6 59. b7 Re4
60. Rc1+ Kd5 61. b8=Q e2 62. Qb5+ 1-0